Super Mega Mixed Word Collection (Clickable) Quiz Stats

 Plays Quiz not verified by Sporcle

Challenge
Share
Tweet
Embed
Score 0/120 Timer 15:00
0 Plays Today
% Correct
BONO
89.4%
CHER
88.8%
EMINEM
88.5%
STING
87.9%
AKON
87.7%
SEAL
87.7%
ADELE
87.5%
DRAKE
87.5%
MADONNA
86%
NELLY
85.2%
USHER
85.1%
RENT
83.2%
HOTEL
82.6%
SLASH
82.5%
HOLLY
80.9%
GOTYE
80.7%
HOUSES
80.6%
VALUE
79.6%
CANDY CANE
78.9%
ENYA
78.4%
BLITZ
78.2%
HYDE
78%
WORD LADDER
77.8%
JESSE JAMES
77.5%
PHOENIX
77.3%
BAUBLE
77%
UTILITY
77%
SIMÓN BOLÍVAR
76.5%
PROPERTY
76.4%
LUDACRIS
76.1%
FRÉDÉRIC CHOPIN
75.8%
SAMUEL MORSE
75.6%
MISSING WORD
75.6%
TYPING CHALLENGE
75.3%
SAFE CRACKER
75.3%
LOGIC PUZZLE
74.9%
WATER
74.8%
CHARLES DICKENS
74.8%
DOUBLED
74.7%
FRIEDRICH NIETZSCHE
74.3%
% Correct
GÜELL
74.2%
TINSEL
73.9%
REDUX
73.7%
CANDLE
73.6%
LOUIS PASTEUR
73.5%
GARLAND
72.7%
SYNTAX
72.7%
MISTLETOE
72.6%
WREATH
72.3%
MORTGAGE
71.6%
RUDYARD KIPLING
71.3%
TOMATO
70.5%
MOZZARELLA
70.5%
NATHANIEL HAWTHORNE
70.1%
EDVARD MUNCH
70%
UNIMPROVED
69.8%
PEPPERONI
69.7%
SLIDESHOW
69.4%
NICK DUNNE
69.3%
CLICKABLE
69.2%
OLIVE
69.2%
FLORENCE NIGHTINGALE
68.8%
LIGHTS
68.5%
BILBO BAGGINS
68.5%
UENO
68.4%
CHICKEN
68.4%
BARRY FAIRBROTHER
67.9%
GREG HEFFLEY
67.4%
STOCKING
66.8%
ANCHOVY
66.7%
YELLOWSTONE
66.2%
BRIDGET JONES
65.8%
LINCOLN
65.6%
OSCAR WILDE
65.2%
MONSANTO FOREST
64.9%
PLAYER
64.8%
CENTRAL
64.7%
MUSHROOM
64.6%
GRIFFITH
64.6%
COMPANY
64.3%
% Correct
TURNED
63.7%
CRUCIFIX
63.3%
AMOUNT
62.7%
DAVID GILMOUR
62.7%
BEIHAI
62.1%
YARKON
61.8%
POINSETTIA
61.5%
ANTHONY HOPKINS
60.9%
GAME OF THRONES
59.7%
ROBERT LANGDON
59.5%
DAENERYS TARGARYEN
59.1%
MINEFIELD
58.9%
GRAMMAR
58.9%
CENTENNIAL
58.6%
CARLOS SANTANA
58.3%
JENNIFER CONNELLY
58%
JAVIER BARDEM
57.6%
STANLEY
57.5%
AMMONIA
56.9%
GEORGE HARRISON
56.8%
HYDROGEN
56.8%
ETYMOLOGY
56.1%
KEITH RICHARDS
55.9%
FOREST WHITAKER
55.5%
DUANE ALLMAN
55.5%
SEMANTICS
55.2%
OCTAVIA SPENCER
54%
METHANE
53.6%
LOTUS
52.9%
MARION COTILLARD
51.8%
TRANSLATION
51.7%
SEMIOTICS
51.5%
PRAGMATICS
50.7%
PHONETICS
49.2%
PISCINE MOLITOR
49.1%
KHANDA
48.9%
RHETORIC
48.4%
TRIATHLON
48.4%
SHOOTING
48%
PENTACLE
45.8%

You're not logged in!

Compare scores with friends on all Sporcle quizzes.
Join for Free
OR
Log In

You Might Also Like...

Show Comments

Extras

Top Quizzes Today


Score Distribution

Your Account Isn't Verified!

In order to create a playlist on Sporcle, you need to verify the email address you used during registration. Go to your Sporcle Settings to finish the process.

Report this User

Report this user for behavior that violates our Community Guidelines.

Details: